000 00454cam a22001575a 4500
001 J100863
008 000000s1925 xxk 000 0 eng u
035 _a(Sirsi) u100863
110 _aSurveyors' Institution
_93783
245 _aAssessment of licensed premises. A criticism. Lancashire and Cheshire County Branch December 1925.
260 _c1925
300 _a8p.
651 4 _aUnited Kingdom
_y
690 _aCommercial property
_96227
942 _n0
999 _c99887
_d99887